• 首页
  • 本馆介绍
  • 公告通知
  • 最新文献
  • 馆藏检索
  • 电子资源
  • 读者导购
  • 参考咨询
  • 我的图书馆
  • 登录
  • 详细信息显示
  • 放入我的书架
  • 预约/预借图书
  • 作者相关作品
  • 分类相关作品
  • 丛书相关作品
  • 出版社相关作品

书目信息

  • 表格格式
  • 工作单格式
  • 卡片格式
题名:
网络舆情与公共政策
    
 
作者: 万旋傲 著
分册:  
出版信息: 上海   上海交通大学出版社  2018.12
页数: 127页
开本: 26cm
丛书名:
单 册:
中图分类: D601 , G206.2
科图分类:
主题词: 互联网络--舆论--影响--公共政策--研究--中国
电子资源:
ISBN: 978-7-313-20431-8
000 01046nam0 2200265 45
001 012001003963
005 20140926082648.0
010    @a978-7-313-20431-8@dCNY68.00
099    @aCAL 012019101227
100    @a20190828d2018 em y0chiy0110 ea
101 0  @achi
102    @aCN@b310000
105    @aa a 001yy
106    @ar
200 1  @a网络舆情与公共政策@Awang luo yu qing yu gong gong zheng ce@f万旋傲著
210    @a上海@c上海交通大学出版社@d2018.12
215    @a127页@c图@d26cm
320    @a有书目 (第118-120页) 和索引
330    @a本书通过归纳分析2003年以来影响政策议程的舆情事件的案例文本, 分析了政策议程的设置模式、环境背景、议题来源和影响模式,并进一步经过指标设计、编码和数据搜集和统计分析,探索舆情传播对公共政策议程的影响机制(包括基本特征分析、相关关系、影响力和触发机制等),最后总结政府决策机制的现存误区和策略。
606 0  @a互联网络@x舆论@x影响@x公共政策@x研究@y中国
690    @aD601@v5
690    @aG206.2@v5
701  0 @a万旋傲@AWan Xuanao@4著
801    @aCN@bAHXH@c20210922
905    @b1328714-8@dD601@e167@f5
    
    网络舆情与公共政策/万旋傲著.-上海:上海交通大学出版社,2018.12
    127页:图;26cm
    
    
    ISBN 978-7-313-20431-8:CNY68.00
    本书通过归纳分析2003年以来影响政策议程的舆情事件的案例文本, 分析了政策议程的设置模式、环境背景、议题来源和影响模式,并进一步经过指标设计、编码和数据搜集和统计分析,探索舆情传播对公共政策议程的影响机制(包括基本特征分析、相关关系、影响力和触发机制等),最后总结政府决策机制的现存误区和策略。
●
相关链接 在E读中查询图书 在五车中查询图书 在当当中查询图书 在豆瓣中查询图书


正题名:网络舆情与公共政策     索取号:D601/167         预约/预借

序号 登录号 条形码 馆藏地/架位号 状态 备注
1 1328714   213287147   第一样本阅览室/ [索取号:D601/167] 在馆    
2 1328715   213287156   教育系资料室/ [索取号:D601/167] 在馆    
3 1328716   213287165   教育系资料室/ [索取号:D601/167] 在馆    
4 1328717   213287174   第一借阅区/ [索取号:D601/167] 在馆    
5 1328718   213287183   第一借阅区/ [索取号:D601/167] 在馆    
唐山师范学院图书馆 欢迎您!
大连网信软件有限公司© 版权所有